Egeo - an advanced course for students of geography Book 1

Starting out Vietnam; Population; Labour force; Resources; Agriculture; Raising cattle and oultry; Industry; Heavy industry; Light industry; Food industry.

Sparad:
Bibliografiska uppgifter
Huvudupphovsman: Lam Thi Hoa Binh
Materialtyp: Bok
Språk:English
Publicerad: Hà Nội Đại học sư phạm 2007
Ämnen:
Taggar: Lägg till en tagg
Inga taggar, Lägg till första taggen!
Thư viện lưu trữ: Mạng thư viện Đại học Đà Nẵng
LEADER 01201nam a2200325 4500
001 000019271
003 15706
005 20140411090453.0
008 140410s2007 engsd
020 |c 22000 
041 0 |a eng 
082 1 4 |a 910.7  |b LA-B 
100 1 |a Lam Thi Hoa Binh 
245 1 0 |a Egeo - an advanced course for students of geography  |b Book 1  |c Lam Thi Hoa Binh 
260 |a Hà Nội  |b Đại học sư phạm  |c 2007 
300 |a 93 tr.  |b mh. màu  |c 24 cm. 
520 3 |a Starting out Vietnam; Population; Labour force; Resources; Agriculture; Raising cattle and oultry; Industry; Heavy industry; Light industry; Food industry. 
650 0 4 |a Geography  |x Study and teaching 
653 |a Địa lý 
653 |a Dạy địa lí 
OWN |a LSP 
AVA |a UDN50  |b LSP  |d 910.7 LA-B  |e available  |t Error 5001 Not defined in file expand_doc_bib_avail.  |f 10  |g 0  |h N  |i 0  |k 1 
999 |a From the UDN01 
AVA |a UDN50  |b LSP  |d 910.7 LA-B  |e available  |t Error 5001 Not defined in file expand_doc_bib_avail.  |f 10  |g 0  |h N  |i 0  |k 1 
TYP |a Monograph 
TYP |a Printed language 
980 |a Mạng thư viện Đại học Đà Nẵng